00813nam a2200229 a 450000100100000000500170001000800410002702000180006804000250008608200280011111000280013924000260016724501020019326000450029530000200034049000160036054600130037665100560038965100510044570000710049683000160056700002759320241015091655.0110401s2011 dr 000 0 eng d a9789945871555 aDO-SdBNPbspacBNPHU a342.729302bR426c, 20111 aRepública Dominicana.10aConstitución (2010)10aConstitution of the Dominican Republic /ctranslated from the spanish by Fabio J. Guzmán-Ariza. aSanto Domingo :bGaceta Judicial,c2011. a97 p. ;c23 cm.1 aLegislativa aInglés 4aRepública DominicanaxConstitución (2010{Rpara} 4aRepública DominicanazDerecho Constitucional1 aGuzmán A., Fabio J.q(Fabio José Guzmán Ariza), d1949-etr. 0aLegislativa